| 000 | 00540nam a22001697a 4500 | ||
|---|---|---|---|
| 005 | 20251122160109.0 | ||
| 008 | 251122b |||||||| |||| 00| 0 eng d | ||
| 020 | _a9780132345637 | ||
| 050 |
_aTA1632 _b.G66 |
||
| 100 | _aGonzalez, Rafael C. | ||
| 245 |
_aDigital Image Processing _cRafael C. Gonzalez & Richard E. Woods |
||
| 250 |
_a3rd ed. _binternational edition |
||
| 260 |
_aUpper Saddle River, New Jersey _bPearson Prentice Hall _c2010 |
||
| 300 |
_a976p. _bill. _c23.5cm |
||
| 700 | _aWoods, Richard E. | ||
| 942 |
_2lcc _cBK _e3rd ed. _n0 |
||
| 999 |
_c8347 _d8347 |
||